=LDR 00000nam 2200000 4500 =001 INLIS000000000008460 =005 20200311111738 =035 ##$$a 0010-061300000008460 =008 200311################g##########0#ind## =041 ##$$a Ind =082 ##$$a 297.16 =090 ##$$a 297.16, Uma o =100 1#$$a Umar, Muin =245 1#$$a Orientalisme dan studi tentang Islam, /$c Drs.A.Muin Umar =260 ##$$a Jakarta :$b Bulan Bintang,$c 1987 =300 ##$$a 132 hlm, ; $c 14 x 21 cm =650 #4$$a Islam =084 ##$$a 297.16 UMA o =250 ##$$a cet.1 =990 ##$$a DW00021588 =990 ##$$a DW00021588